Cloud computing moving IT out of the office

Ebook from IG Library

Saved in:
Bibliographic Details
Main Author: BCS The Chartered Institute for IT
Format: Book
Language:Undetermined
Published: British Informatics Society Ltd 2012
Subjects:
Online Access:http://lrc.tdmu.edu.vn/opac/search/detail.asp?aID=2&ID=38681
Tags: Add Tag
No Tags, Be the first to tag this record!
Institutions: Trung tâm Học liệu Trường Đại học Thủ Dầu Một
LEADER 00704nam a2200193Ia 4500
001 TDMU_38681
008 210410s9999 xx 000 0 und d
082 |a 751.422 
100 |a BCS The Chartered Institute for IT 
245 0 |a Cloud computing 
245 0 |b moving IT out of the office 
245 0 |c BCS The Chartered Institute for IT 
260 |b British Informatics Society Ltd 
260 |c 2012 
300 |a 59Pages 
520 |a Ebook from IG Library  
650 |a Điện toán đám mây; Information Technology  |x Computers ; Cloud computing  
856 |u http://lrc.tdmu.edu.vn/opac/search/detail.asp?aID=2&ID=38681 
980 |a Trung tâm Học liệu Trường Đại học Thủ Dầu Một